00730nam a22001577a 450000500170000000800410001702000180005805000170007610000190009324500520011225000130016426000310017730000270020850000190023550503180025420230822112439.0230620b ||||| |||| 00| 0 eng d a9780443101496 aRG79.P58(3e) aMagowan, Brian aObstetrics and gynaecology. /cBrian, Magowan.  a3rd ed.  aLondon:bElsevier, c2005. a359p.:bill.;c18 cm.  aIncludes index aContents: Parental diagnosis -- Antenatal problems -- Midwifery skills -- Acute obstetrics and related medical problems -- Obstetric practice in less developed countries -- Medical disorders in pregnancy -- Gynaecology -- Urogynaecology -- Gynaecological oncology -- Legal issues in obstetrics and gynaecology --